Statistics for Partial Parts of Flags

Click here to take the quiz!

General Stats

  • This quiz has been taken 77 times
  • The average score is 14 of 15

Answer Stats

Answer% Correct
Brazil
100%
China
100%
Denmark
100%
South Korea
100%
Croatia
99%
Kenya
99%
Portugal
99%
North Macedonia
96%
Vatican City
96%
Australia
94%
Malaysia
93%
Cambodia
91%
Mexico
91%
Belarus
90%
Ghana
82%

Score Distribution

Percentile by Number Answered

Percent of People with Each Score

Your Score History

You have not taken this quiz